| 000 | 00853nam a2200241Ia 4500 | ||
|---|---|---|---|
| 003 | OSt | ||
| 005 | 20220926022414.0 | ||
| 006 | a|||||r|||| 00| 0 | ||
| 007 | ta | ||
| 008 | 220923b |||||||| |||| 00| 0 eng d | ||
| 037 | _cGeneral Book | ||
| 040 |
_aRTL _cRTL _beng |
||
| 041 |
_2eng _aeng |
||
| 082 | _aX:(G:55).1.N9, N6 | ||
| 110 |
_aUnited Nations. Policy Co-ordination and Sustainable Development (Department of ....) _9327758 |
||
| 245 | 0 |
_aSustainable development finances _b Opportunities a |
|
| 260 |
_aNew York _bUnited Nations U. S. A. _c1996 |
||
| 300 |
_a244p. _ccm. |
||
| 650 |
_aEnvironmental Economics-International _9251129 |
||
| 700 |
_aUnited Nations. Policy Co-ordination and Sustainable Development (Department of ....) _9327759 |
||
| 942 |
_hX:(G:55).1.N9, N6 _cGB _2CC |
||
| 999 |
_c639385 _d639385 |
||